Špecifiká logistických výkonov a logistických nákladov podniku bakalárska práca

Saved in:
Bibliographic Details
Main Author: Sláviková, Angelika
Corporate Author: Fakulta hospodárskej informatiky EU. Katedra operačného výskumu a ekonometrie
Other Authors: Brezina, Ivan, 1963-
Format: Book
Language:Slovak
Published: Bratislava 2011
Tags: Add Tag
No Tags, Be the first to tag this record!

MARC

LEADER 00000nbm a2200000 4500
001 0141071
005 20161109111732.4
041 0 |a slo 
044 |a SK 
245 1 0 |a Špecifiká logistických výkonov a logistických nákladov podniku  |b bakalárska práca  |c Angelika Sláviková ; školiteľ: Ivan Brezina 
264 1 |a Bratislava  |c 2011 
300 |a 67 s. 
100 1 |a Sláviková, Angelika 
700 1 |a Brezina, Ivan, 1963- 
710 2 |a Fakulta hospodárskej informatiky EU. Katedra operačného výskumu a ekonometrie